[Event "Schweinfurt op 29th"]
[Site "Schweinfurt"]
[Date "2019.06.23"]
[Round "7"]
[White "Roth, Jakob"]
[Black "Hasselbacher, Uwe"]
[Result "1/2-1/2"]
[WhiteElo "1888"]
[BlackElo "1766"]
[PlyCount "56"]
[EventDate "2019.06.20"]
[EventType "swiss"]
[EventRounds "7"]
[EventCountry "GER"]
[SourceTitle "CBM 191 Extra"]
[Source "ChessBase"]
[SourceDate "2019.09.30"]
[SourceVersion "1"]
[SourceVersionDate "2019.09.30"]
[SourceQuality "1"]

1. d4 Nf6 2. c4 g6 3. Nc3 Bg7 4. e4 d6 5. Be2 Nbd7 6. Nf3 0-0 7. 0-0 e5 8. Be3 Ng4 9. Bg5 f6 10. Bc1 f5 11. Ng5 Ndf6 12. h3 Nh6 13. dxe5 dxe5 14. Qb3 c6 15. Be3 Qe7 16. Na4 Nd7 17. c5+ Kh8 18. Ne6 f4 19. Nxf8 Nxf8 20. Bd2 Ne6 21. Bc3 Ng5 22. Qd1 Nxh3+ 23. gxh3 Bxh3 24. Bf3 Qg5+ 25. Kh2 Ng4+ 26. Bxg4 Bxg4 27. f3 Qh4+ 28. Kg1 Qg3+ 1/2-1/2

[Event "Schweinfurt op 29th"]
[Site "Schweinfurt"]
[Date "2019.06.20"]
[Round "1"]
[White "Ankenbrand, Franz"]
[Black "Hasselbacher, Uwe"]
[Result "0-1"]
[WhiteElo "1360"]
[BlackElo "1766"]
[PlyCount "42"]
[EventDate "2019.06.20"]
[EventType "swiss"]
[EventRounds "7"]
[EventCountry "GER"]
[SourceTitle "CBM 191 Extra"]
[Source "ChessBase"]
[SourceDate "2019.09.30"]
[SourceVersion "1"]
[SourceVersionDate "2019.09.30"]
[SourceQuality "1"]

1. e4 c5 2. c4 Nc6 3. d3 g6 4. Nc3 Bg7 5. f4 d6 6. Nf3 e6 7. Be2 Nge7 8. 0-0 0-0 9. a3 Nd4 10. Rb1 Bd7 11. Bd2 b5 12. e5 Nxe2+ 13. Qxe2 bxc4 14. dxc4 d5 15. Rfd1 Bc6 16. Be1 Qb6 17. Bf2 d4 18. Ne4 Bxe4 19. Qxe4 Qb3 20. Qd3 Rab8 21. Nd2 Qxd3 0-1

[Event "Regionalliga NW 1415"]
[Site "Bayern"]
[Date "2015.03.15"]
[Round "8.8"]
[White "Rebhan, Gilbert Andre"]
[Black "Hasselbacher, Uwe"]
[Result "0-1"]
[WhiteElo "1879"]
[BlackElo "1827"]
[PlyCount "85"]
[EventDate "2014.10.19"]
[EventType "team-tourn"]
[EventRounds "9"]
[EventCountry "GER"]
[SourceTitle "EXT 2018"]
[Source "ChessBase"]
[SourceDate "2017.10.13"]
[SourceVersion "1"]
[SourceVersionDate "2017.10.13"]
[SourceQuality "1"]
[WhiteTeam "Kronach"]
[BlackTeam "Aschaffenburg Schweinheim"]
[WhiteTeamCountry "GER"]
[BlackTeamCountry "GER"]

1. Nc3 d5 2. e4 d4 3. Nce2 e5 4. Ng3 Nf6 5. Bc4 Be7 6. Nf3 Nbd7 7. 0-0 0-0 8. d3 a6 9. a4 c6 10. Qe2 Ne8 11. Bd2 Nd6 12. Bb3 Kh8 13. Ne1 Nc5 14. Ba2 Be6 15. f4 exf4 16. Bxf4 Bxa2 17. Rxa2 Ne6 18. Bd2 b5 19. Nf3 c5 20. axb5 axb5 21. Rfa1 Rxa2 22. Rxa2 Qc7 23. e5 Nb7 24. Qe4 Nbd8 25. Nf5 Re8 26. Qa8 Qc6 27. Nxe7 Rxe7 28. Qxc6 Nxc6 29. Ra8+ Ncd8 30. Ba5 Re8 31. b4 cxb4 32. Bxb4 Nc7 33. Rc8 Nde6 34. Rxe8+ Nxe8 35. Ba5 f6 36. exf6 Nxf6 37. Bb6 Nd5 38. Bxd4 Nb4 39. c4 Nc2 40. Bb2 b4 41. d4 Kg8 42. Kf2 Nf4 43. Ba1 0-1

[Event "Regionalliga NW 1415"]
[Site "Bayern"]
[Date "2014.12.07"]
[Round "4.8"]
[White "Galstyan, Spartak"]
[Black "Hasselbacher, Uwe"]
[Result "1/2-1/2"]
[WhiteElo "1775"]
[BlackElo "1827"]
[PlyCount "101"]
[EventDate "2014.10.19"]
[EventType "team-tourn"]
[EventRounds "9"]
[EventCountry "GER"]
[SourceTitle "EXT 2018"]
[Source "ChessBase"]
[SourceDate "2017.10.13"]
[SourceVersion "1"]
[SourceVersionDate "2017.10.13"]
[SourceQuality "1"]
[WhiteTeam "Hof PTSV"]
[BlackTeam "Aschaffenburg Schweinheim"]
[WhiteTeamCountry "GER"]
[BlackTeamCountry "GER"]

1. e4 e5 2. Nf3 Nc6 3. Bc4 Nf6 4. d3 Bb4+ 5. c3 Be7 6. 0-0 0-0 7. Re1 d6 8. h3 Na5 9. Bb3 Nxb3 10. Qxb3 c6 11. d4 Qc7 12. Bg5 Be6 13. Qc2 Rfe8 14. Nbd2 h6 15. Bh4 g5 16. Bg3 Nh5 17. Bh2 Nf4 18. Nf1 Bf6 19. Ng3 Rad8 20. Rad1 Bg7 21. Nf5 f6 22. Bxf4 exf4 23. Nxg7 Qxg7 24. d5 Bc8 25. Nd4 c5 26. Nf5 Qg6 27. Qa4 a6 28. c4 Kf8 29. Qa5 Rd7 30. Qb6 Red8 31. Rd2 h5 32. f3 Qe8 33. Rde2 Qe5 34. a3 Re8 35. Rd2 Rdd8 36. Rde2 Kf7 37. Qc7+ Rd7 38. Qb6 Kg6 39. Kh1 Rg8 40. Kg1 g4 41. fxg4 hxg4 42. hxg4 Kg5 43. Qb3 Rh7 44. Qc3 Bxf5 45. Qxe5 fxe5 46. gxf5 Kf6 47. Rf1 Rg3 48. Rf3 Rhg7 49. Kf1 b5 50. cxb5 axb5 51. Rc2 1/2-1/2

[Event "Unterfranken-ch M2 59th"]
[Site "Rieneck"]
[Date "2008.03.29"]
[Round "9"]
[White "Ersoez, Can Hakki"]
[Black "Hasselbacher, Uwe"]
[Result "1/2-1/2"]
[WhiteElo "1869"]
[BlackElo "1754"]
[PlyCount "96"]
[EventDate "2008.03.24"]
[EventType "swiss"]
[EventRounds "9"]
[EventCountry "GER"]
[SourceTitle "EXT 2015"]
[Source "ChessBase"]
[SourceDate "2014.11.20"]
[SourceVersion "1"]
[SourceVersionDate "2014.11.20"]
[SourceQuality "1"]

1. e4 c5 2. Nf3 Nc6 3. d4 cxd4 4. Nxd4 e5 5. Nb5 d6 6. N1c3 a6 7. Na3 b5 8. Nd5 Nf6 9. Bg5 Be7 10. Bxf6 Bxf6 11. c3 0-0 12. Nc2 Bg5 13. a4 bxa4 14. Rxa4 Bb7 15. Bc4 Ne7 16. Ncb4 a5 17. Nxe7+ Bxe7 18. Nd5 Bc6 19. Ra2 Bg5 20. 0-0 Rb8 21. b3 Kh8 22. Qd3 Qd7 23. Rxa5 f5 24. exf5 Rxf5 25. Rfa1 Rbf8 26. f3 Bd8 27. Ra6 Qe8 28. Rf1 e4 29. Qxe4 Qxe4 30. fxe4 Rxf1+ 31. Bxf1 Rxf1+ 32. Kxf1 Bb5+ 33. c4 Bxa6 34. Ke2 Kg8 35. Kd3 Kf7 36. Kd4 Ke6 37. Nf4+ Kd7 38. e5 Bb6+ 39. Ke4 dxe5 40. Kxe5 Bc7+ 41. Kf5 Bxf4 42. Kxf4 Kc6 43. Ke5 Kc5 44. Ke6 g6 45. Kf6 Bb7 46. Kg7 Bxg2 47. Kxh7 Be4 48. Kh6 Kb4 1/2-1/2

[Event "Unterfranken-ch M2 59th"]
[Site "Rieneck"]
[Date "2008.03.28"]
[Round "7"]
[White "Hasselbacher, Uwe"]
[Black "Von der Linden, Armin"]
[Result "1/2-1/2"]
[WhiteElo "1754"]
[BlackElo "1816"]
[PlyCount "35"]
[EventDate "2008.03.24"]
[EventType "swiss"]
[EventRounds "9"]
[EventCountry "GER"]
[SourceTitle "EXT 2015"]
[Source "ChessBase"]
[SourceDate "2014.11.20"]
[SourceVersion "1"]
[SourceVersionDate "2014.11.20"]
[SourceQuality "1"]

1. e4 d5 2. exd5 Qxd5 3. Nf3 Nf6 4. Nc3 Qa5 5. Bc4 Bf5 6. 0-0 e6 7. d4 c6 8. Re1 Be7 9. a3 0-0 10. Bg5 Nbd7 11. Qe2 Bg4 12. Ne4 Rfe8 13. Bd3 Nxe4 14. Qxe4 Bf5 15. Qh4 Bxd3 16. Bxe7 Bxc2 17. Rac1 Bg6 18. Ne5 1/2-1/2

[Event "Unterfranken-ch M2 59th"]
[Site "Rieneck"]
[Date "2008.03.26"]
[Round "5"]
[White "Schneider, Johannes"]
[Black "Hasselbacher, Uwe"]
[Result "0-1"]
[WhiteElo "1686"]
[BlackElo "1754"]
[PlyCount "92"]
[EventDate "2008.03.24"]
[EventType "swiss"]
[EventRounds "9"]
[EventCountry "GER"]
[SourceTitle "EXT 2015"]
[Source "ChessBase"]
[SourceDate "2014.11.20"]
[SourceVersion "1"]
[SourceVersionDate "2014.11.20"]
[SourceQuality "1"]

1. d4 c5 2. d5 Nf6 3. c4 g6 4. Nc3 d6 5. Bg5 Nbd7 6. e4 Bg7 7. Nf3 0-0 8. Bd3 Ng4 9. Qd2 Re8 10. b3 Qa5 11. Rc1 Nde5 12. Nxe5 Nxe5 13. Bb1 a6 14. Ne2 Qa3 15. 0-0 b5 16. f4 Ng4 17. h3 Nf6 18. f5 Nd7 19. fxg6 hxg6 20. Bh6 Ne5 21. Bxg7 Kxg7 22. Nf4 bxc4 23. bxc4 Rb8 24. Nd3 Rxb1 25. Rxb1 Qxd3 26. Qxd3 Nxd3 27. Rb3 Ne5 28. Rc1 Bd7 29. Ra3 Ra8 30. Kf2 a5 31. Rac3 Rb8 32. R1c2 Ba4 33. Rd2 Rb4 34. Ke2 Rxc4 35. Rxc4 Nxc4 36. Rd3 Ne5 37. Rc3 Bb5+ 38. Ke3 a4 39. g3 Nc4+ 40. Kd3 Ne5+ 41. Ke3 Bf1 42. h4 Bb5 43. Kd2 Kh6 44. Ke3 Kh5 45. Kf4 f6 46. Rc1 Nd3+ 0-1